Kadra reprezentacji Francji na Mistrzostwa Świata 2026 - Statystyki

Ogólne statystyki
  • Ten quiz został rozwiązany 91 razy
  • Średni wynik to 18 z 26
Statystyki odpowiedzi
Pozycja Klub Zawodnik % Poprawnych
Napastnik Real Madryt Kylian Mbappé
97%
Napastnik PSG Ousmane Dembélé
90%
Napastnik Inter Marcus Thuram
86%
Pomocnik Bayern Monachium Michael Olise
84%
Pomocnik PSG Désiré Doué
83%
Obrońca FC Barcelona Jules Koundé
83%
Bramkarz AC Milan Mike Maignan
83%
Pomocnik Real Madryt Aurélien Tchouaméni
82%
Obrońca PSG Lucas Hernandez
81%
Obrońca Al-Hilal Théo Hernandez
81%
Obrońca Arsenal William Saliba
81%
Obrońca Liverpool Ibrahima Konaté
79%
Obrońca Bayern Monachium Dayot Upamecano
78%
Pomocnik Manchester City Rayan Cherki
71%
Pomocnik Fenerbahçe N'Golo Kanté
69%
Pomocnik AC Milan Adrien Rabiot
68%
Pomocnik PSG Bradley Barcola
68%
Napastnik Crystal Palace Jean-Philippe Mateta
65%
Pomocnik PSG Warren Zaïre-Emery
64%
Bramkarz Rennes Brice Samba
57%
Obrońca Aston Villa Lucas Digne
57%
Obrońca Chelsea Malo Gusto
53%
Pomocnik AS Roma Manu Koné
51%
Obrońca Crystal Palace Maxence Lacroix
44%
Pomocnik AS Monaco Maghnes Akliouche
35%
Bramkarz Lens Robin Risser
13%
Nie znaleziono quizów pasujących do podanych kryteriów
Rozkład punktacji
Procent ludzi z każdym wynikiem
Percentyl według liczby udzielonych odpowiedzi
Twoja historia wyników
Nie rozwiązałeś tego quizu